| 000 | 00929nam a22003017a 4500 | ||
|---|---|---|---|
| 005 | 20260408095101.0 | ||
| 008 | 260408t2021 mx ||||| |||| 00| 0 spa d | ||
| 020 | _a978-607-15-1053-2 | ||
| 040 | _aIste | ||
| 041 | _aspa | ||
| 044 | _amx | ||
| 082 |
_a612.39 _bEr28 |
||
| 100 |
_aErdman, John _cAutor _eAutor _99514 |
||
| 245 |
_aNutrición y dieta: _ben la prevención de enfermedades |
||
| 250 | _a10a. ed. | ||
| 260 |
_aMéxico - México _bMcGraw Hill _c2021 |
||
| 300 |
_a1101 páginas, _bgráficos, ilustraciones, tablas. |
||
| 650 |
_aSISTEMAS PARA LA NUTRICIÓN _99515 |
||
| 650 |
_aEPIGENÉTICA NUTRICIONAL _99516 |
||
| 650 |
_aMETABOLÓMICA _99517 |
||
| 650 |
_aFIBRA DIETETICA _99518 |
||
| 650 |
_aNIACINA _99519 |
||
| 653 | _aTECNOLOGÍA Y CIENCIAS MÉDICAS | ||
| 653 | _aNUTRICIÓN | ||
| 700 |
_aMavdonald, Ian _eAutor _99520 |
||
| 700 |
_aZeisel, Steven _eAutor _99521 |
||
| 942 |
_2udc _cLB _zUCat |
||
| 999 |
_c1880 _d1880 |
||